[Event "Madrid-ch Previa B"]
[Site "Madrid ESP"]
[Date "2014.02.15"]
[Round "5.11"]
[White "Mosteiro Montoro, Alvaro"]
[Black "Merino Araguas, Jose Javier"]
[Result "0-1"]
[WhiteElo "1654"]
[BlackElo "1813"]
[PlyCount "130"]
[EventDate "2014.02.06"]
[EventType "swiss"]
[EventRounds "9"]
[EventCountry "ESP"]
[Source "lmi"]
[SourceDate "2014.02.06"]

1. d4 d5 2. c4 e6 3. Nc3 Nf6 4. Nf3 c6 5. e3 Nbd7 6. Bd3 Bd6 7. O-O O-O 8. cxd5
exd5 9. Qc2 h6 10. e4 dxe4 11. Nxe4 Nxe4 12. Bxe4 Nf6 13. Bf5 Qc7 14. Bxc8
Raxc8 15. Qf5 Qd7 16. Qxd7 Nxd7 17. Be3 Nf6 18. Nd2 Nd5 19. a3 Rfe8 20. Rae1
Re7 21. Nc4 Bc7 22. Bd2 Rce8 23. Rxe7 Rxe7 24. g3 Kf8 25. Ne3 Rd7 26. Re1 Re7
27. Rc1 Kg8 28. Kf1 Nf6 29. f3 Rd7 30. Bc3 Bb6 31. Rd1 Nd5 32. Nc2 g6 33. Re1
Re7 34. Re4 f5 35. Rxe7 Nxe7 36. Ne3 Kf7 37. Ke2 Ke6 38. Kd3 Bc7 39. Nf1 g5 40.
h3 h5 41. b4 g4 42. fxg4 fxg4 43. hxg4 hxg4 44. Ne3 Bxg3 45. Nxg4 Nd5 46. Bd2
Kf5 47. Nh6+ Ke6 48. Ke4 Nf6+ 49. Kd3 b5 50. Bg5 Nd5 51. Bd2 Nb6 52. Bc1 Nc4
53. Ke4 Nd6+ 54. Kf3 Bh4 55. Ng4 Kd5 56. Be3 Nf5 57. Ne5 Bf6 58. Kf4 Nxe3 59.
Kxe3 Bxe5 60. dxe5 Kxe5 61. Kd3 Kd5 62. Kc3 Ke4 63. Kb3 Kd3 64. a4 a6 65. a5
Kd4 0-1

[Event "Madrid-ch Previa B"]
[Site "Madrid ESP"]
[Date "2014.02.15"]
[Round "5.12"]
[White "Rottenwoerer, Christoph"]
[Black "Hernandez Del Can, Jose"]
[Result "1-0"]
[WhiteElo "1643"]
[BlackElo "1717"]
[PlyCount "122"]
[EventDate "2014.02.06"]
[EventType "swiss"]
[EventRounds "9"]
[EventCountry "ESP"]
[Source "lmi"]
[SourceDate "2014.02.06"]

1. Nf3 Nf6 2. c4 g6 3. g3 Bg7 4. Nc3 c5 5. Bg2 Nc6 6. O-O O-O 7. Rb1 d6 8. h3
a6 9. a3 Rb8 10. b4 Bd7 11. d3 e6 12. Bg5 h6 13. Bd2 b6 14. b5 axb5 15. Nxb5
Bc8 16. Bc3 Bb7 17. e4 e5 18. Ne1 Nd4 19. Nxd4 exd4 20. Bd2 Nd7 21. Rb3 f5 22.
exf5 Bxg2 23. Nxg2 Rxf5 24. Nf4 Qe8 25. Nd5 Qd8 26. f4 b5 27. Qe2 Bf8 28. Rxb5
Rxb5 29. cxb5 Rxd5 30. Qe6+ Kg7 31. Qxd5 Nf6 32. Qb7+ Kg8 33. Re1 d5 34. Re6 c4
35. dxc4 dxc4 36. Qc6 c3 37. Bc1 Kg7 38. b6 d3 39. Qxc3 Be7 40. Bd2 Kf7 41. Qe5
Bc5+ 42. Qxc5 Kxe6 43. Qe5+ Kf7 44. Qc7+ Qd7 45. Kg2 Ke8 46. Qxd7+ Nxd7 47. b7
Kd8 48. Ba5+ Ke7 49. Kf3 Kd6 50. Ke3 Kc6 51. b8=Q Nxb8 52. Kxd3 Kd5 53. g4 Nd7
54. Bd8 Nc5+ 55. Ke3 Na4 56. f5 gxf5 57. gxf5 Ke5 58. f6 Ke6 59. Kd4 Nb2 60.
Kc3 Na4+ 61. Kb4 Nb2 1-0

[Event "Madrid-ch Previa B"]
[Site "Madrid ESP"]
[Date "2014.02.15"]
[Round "5.13"]
[White "Benitez Cadenas, Luis Miguel"]
[Black "Castro Uceda, Jose Antonio"]
[Result "1-0"]
[WhiteElo "1695"]
[BlackElo "1620"]
[PlyCount "99"]
[EventDate "2014.02.06"]
[EventType "swiss"]
[EventRounds "9"]
[EventCountry "ESP"]
[Source "lmi"]
[SourceDate "2014.02.06"]

1. d4 d5 2. g3 e6 3. Bg2 f5 4. c4 Nf6 5. cxd5 Nxd5 6. Nc3 Bb4 7. Qb3 Nc6 8. Nf3
h6 9. e3 b6 10. Nd2 Bxc3 11. bxc3 Rb8 12. c4 Nde7 13. Bb2 O-O 14. Rc1 Na5 15.
Qc3 Rf7 16. Nf3 Ng6 17. O-O Ba6 18. Nd2 Qd7 19. Rfd1 Bb7 20. Nf3 Bxf3 21. Bxf3
Qe7 22. h4 Nxh4 23. gxh4 Qxh4 24. Kf1 Rf6 25. d5 exd5 26. Bxd5+ Kh8 27. Qc2 Qg4
28. Bxf6 gxf6 29. Rd4 Qg5 30. Be6 Nc6 31. Rd7 Ne5 32. Qxf5 Qxf5 33. Bxf5 Nxd7
34. Bxd7 Rd8 35. Bf5 Rd2 36. Bc2 Rd6 37. Ke2 c5 38. Rh1 Kg7 39. Rg1+ Kh8 40.
Rg6 h5 41. Rh6+ Kg7 42. Rxh5 a6 43. Rh7+ Kf8 44. Ra7 a5 45. a4 Re6 46. Rd7 Ke8
47. Rd5 Kf8 48. f4 Kg7 49. Rd7+ Kh6 50. Rh7# 1-0

[Event "Madrid-ch Previa B"]
[Site "Madrid ESP"]
[Date "2014.02.15"]
[Round "5.15"]
[White "Moro Serrano, Federico"]
[Black "Marcos Herrero, Francisco"]
[Result "0-1"]
[WhiteElo "1543"]
[BlackElo "1930"]
[PlyCount "84"]
[EventDate "2014.02.06"]
[EventType "swiss"]
[EventRounds "9"]
[EventCountry "ESP"]
[Source "lmi"]
[SourceDate "2014.02.06"]

1. c4 c5 2. Nf3 Nf6 3. Nc3 g6 4. g3 Bg7 5. Bg2 Nc6 6. O-O O-O 7. d4 cxd4 8.
Nxd4 Nxd4 9. Qxd4 d6 10. Qd3 Nd7 11. b3 Nc5 12. Qd2 a5 13. Bb2 Bd7 14. Nd5 Bxb2
15. Qxb2 Bc6 16. Rfd1 Ra6 17. e4 e5 18. Qe2 Bxd5 19. Rxd5 Ne6 20. Rad1 Nd4 21.
R5xd4 exd4 22. Rxd4 Qc7 23. Qd3 Raa8 24. e5 dxe5 25. Rd7 Rad8 26. Rxc7 Rxd3 27.
Bxb7 Rd2 28. Rc5 Rxa2 29. Rxe5 Rb8 30. Re7 Kf8 31. Rc7 Re8 32. Bd5 Re7 33. Rxe7
Kxe7 34. Kg2 Rc2 35. Kf1 Rc3 36. Ke2 Rxb3 37. Kd2 Rb2+ 38. Kc3 Rxf2 39. Kd4
Rxh2 40. Kc5 Rh5 41. Kb5 Rxd5+ 42. cxd5 Kd6 0-1

[Event "Madrid-ch Previa B"]
[Site "Madrid ESP"]
[Date "2014.02.15"]
[Round "5.17"]
[White "Lopez Ziegler, Juan Jose"]
[Black "Garcia Carbonell, Francisco"]
[Result "0-1"]
[WhiteElo "1512"]
[BlackElo "1666"]
[PlyCount "60"]
[EventDate "2014.02.06"]
[EventType "swiss"]
[EventRounds "9"]
[EventCountry "ESP"]
[Source "lmi"]
[SourceDate "2014.02.06"]

1. d4 d5 2. Bf4 c6 3. e3 e6 4. Nf3 Nd7 5. Nbd2 Be7 6. h4 f5 7. Bg5 Ngf6 8. Ne5
O-O 9. f4 h6 10. Bxf6 Nxf6 11. Bd3 c5 12. c3 c4 13. Be2 Bd7 14. Ng6 Rf7 15. g4
fxg4 16. Bxg4 Nxg4 17. Qxg4 e5 18. Qg2 exf4 19. exf4 Bf5 20. O-O-O Qa5 21. Nb1
Qxa2 22. Nxe7+ Rxe7 23. Qxd5+ Be6 24. Qc5 Ree8 25. f5 Bf7 26. f6 Bg6 27. f7+
Kh7 28. f8=N+ Rxf8 29. Na3 Qa1+ 30. Kd2 Qxb2+ 0-1

[Event "Madrid-ch Previa B"]
[Site "Madrid ESP"]
[Date "2014.02.15"]
[Round "5.18"]
[White "Martinez Carrasco, Jesus"]
[Black "Jimenez Manzano, Emiliano"]
[Result "1-0"]
[WhiteElo "1586"]
[BlackElo "1481"]
[PlyCount "81"]
[EventDate "2014.02.06"]
[EventType "swiss"]
[EventRounds "9"]
[EventCountry "ESP"]
[Source "lmi"]
[SourceDate "2014.02.06"]

1. d4 d5 2. c4 c6 3. Nc3 Nf6 4. Nf3 h6 5. h3 Bf5 6. Qb3 Qb6 7. Qa4 e6 8. a3 Be7
9. e3 O-O 10. Be2 Nbd7 11. O-O Qc7 12. cxd5 exd5 13. Bd2 Ne4 14. Nxe4 Bxe4 15.
Rac1 Nf6 16. Ba5 Qd7 17. Ne5 Qe8 18. Rfe1 Nd7 19. Nd3 Nb6 20. Qb3 Nc4 21. Bb4
a5 22. Bxe7 Qxe7 23. Nc5 Qg5 24. Nxe4 dxe4 25. Qxc4 Kh8 26. Rc2 Rab8 27. Qc5
Qxc5 28. Rxc5 a4 29. Rec1 Ra8 30. Bd1 f5 31. R5c4 Rf6 32. Rxa4 Rxa4 33. Bxa4 b5
34. Bd1 Kg8 35. a4 f4 36. a5 fxe3 37. fxe3 Kf7 38. Ra1 Ke7 39. a6 Rf8 40. a7
Ra8 41. Bg4 1-0

[Event "Madrid-ch Previa B"]
[Site "Madrid ESP"]
[Date "2014.02.15"]
[Round "5.19"]
[White "Barragan Arriaza, Pablo"]
[Black "Melcon Diez, Enrique"]
[Result "1-0"]
[WhiteElo "1361"]
[BlackElo "1606"]
[PlyCount "101"]
[EventDate "2014.02.06"]
[EventType "swiss"]
[EventRounds "9"]
[EventCountry "ESP"]
[Source "lmi"]
[SourceDate "2014.02.06"]

1. c4 g6 2. g3 c5 3. Bg2 Bg7 4. Nc3 Nc6 5. Nf3 e6 6. O-O Nge7 7. d3 O-O 8. Bf4
a6 9. Bd6 b6 10. Nd2 Re8 11. Qa4 Bb7 12. Bxe7 Qxe7 13. Qb3 Nd4 14. Qd1 Bxg2 15.
Kxg2 f5 16. Nf3 Rab8 17. Qa4 b5 18. cxb5 axb5 19. Qd1 b4 20. Nxd4 Bxd4 21. Na4
Qd6 22. Rb1 f4 23. b3 Rf8 24. f3 Be5 25. g4 Qe7 26. Rh1 Bd4 27. h4 Ra8 28. h5
g5 29. h6 Rf6 30. Rh5 Rg6 31. Qh1 Qf6 32. Rc1 Qe5 33. Qf1 Qe3 34. Rd1 Ra6 35.
Rh1 e5 36. Rh5 d5 37. Qe1 Bc3 38. Qf2 Bd4 39. Qxe3 Bxe3 40. Rdh1 Bd4 41. Rc1
Rac6 42. Rc2 Kf7 43. Kf1 Rxh6 44. Rxg5 Rh1+ 45. Kg2 Rch6 46. Rh5 R6xh5 47. gxh5
Rxh5 48. Nxc5 Rg5+ 49. Kh2 Bg1+ 50. Kh1 h5 51. Na6 1-0

[Event "Madrid-ch Previa B"]
[Site "Madrid ESP"]
[Date "2014.02.15"]
[Round "5.20"]
[White "Estebanez Cuesta, Alfredo"]
[Black "Barragan Panal, Juan Jose"]
[Result "1-0"]
[WhiteElo "1578"]
[BlackElo "1630"]
[PlyCount "85"]
[EventDate "2014.02.06"]
[EventType "swiss"]
[EventRounds "9"]
[EventCountry "ESP"]
[Source "lmi"]
[SourceDate "2014.02.06"]

1. c4 Nf6 2. Nc3 g6 3. b3 Bg7 4. Bb2 O-O 5. Nf3 b6 6. Qc2 Bb7 7. O-O-O Ng4 8.
Rg1 Nxf2 9. Re1 Ng4 10. h3 Nf6 11. g4 d6 12. g5 Nh5 13. Ne4 e5 14. Ng3 Bxf3 15.
exf3 Qxg5 16. Ne2 Qd8 17. Bg2 Nd7 18. f4 Rb8 19. fxe5 Nxe5 20. Nd4 c5 21. Nc6
Nxc6 22. Bxc6 Qc7 23. Bxg7 Nxg7 24. Qe4 a6 25. Qf3 b5 26. Bd5 Rfe8 27. Ref1 Re7
28. h4 Kh8 29. Qf6 h5 30. Re1 Rbe8 31. Rxe7 Qxe7 32. Qxf7 Qxf7 33. Bxf7 Re4 34.
Rxg6 Nf5 35. Rg5 Nxh4 36. Rxh5+ Kg7 37. Bd5 Rf4 38. Rg5+ Kf6 39. Rg8 b4 40.
Rf8+ Ke5 41. Re8+ Kd4 42. Kc2 Rf6 43. Re4# 1-0

[Event "Madrid-ch Previa B"]
[Site "Madrid ESP"]
[Date "2014.02.15"]
[Round "5.22"]
[White "Reyes Penas, Sebastian"]
[Black "Soto Martin, Miguel"]
[Result "0-1"]
[WhiteElo "1383"]
[BlackElo "1645"]
[PlyCount "110"]
[EventDate "2014.02.06"]
[EventType "swiss"]
[EventRounds "9"]
[EventCountry "ESP"]
[Source "lmi"]
[SourceDate "2014.02.06"]

1. e4 e5 2. Nf3 Nc6 3. Bc4 Bc5 4. d3 Nf6 5. Nc3 d6 6. Bg5 h6 7. Bxf6 Qxf6 8.
Nd5 Qd8 9. c3 O-O 10. b4 Bb6 11. a4 a5 12. b5 Ne7 13. Nxb6 cxb6 14. O-O Bg4 15.
Rc1 Ng6 16. h3 Be6 17. Qb3 Qd7 18. d4 Qc8 19. Bxe6 fxe6 20. dxe5 dxe5 21. Rfd1
Nf4 22. Rc2 Nxh3+ 23. Kh2 Ng5 24. Nxg5 hxg5 25. Rd6 Rf6 26. Rxb6 Qc7 27. Rxe6
Qf7 28. Qd5 Rxe6 29. c4 Rh6+ 30. Kg1 Qxd5 31. exd5 Rh4 32. d6 Kf7 33. c5 Ke6
34. Rd2 Rd4 35. Ra2 Kd5 36. c6 bxc6 37. b6 Kxd6 38. b7 Rb8 39. Rb2 Rxa4 40. g3
Rb4 41. Rd2+ Rd4 42. Ra2 a4 43. Kg2 Rxb7 44. Kf3 Rb3+ 45. Ke2 a3 46. Kf1 Rdd3
47. Kg2 Rb2 48. Ra1 a2 49. Kh3 Rxf2 50. Kg4 Rdd2 51. Kxg5 Rb2 52. g4 Rb1 53.
Rxb1 axb1=Q 54. Kh5 Qh7+ 55. Kg5 Qh6# 0-1

[Event "Madrid-ch Previa B"]
[Site "Madrid ESP"]
[Date "2014.02.21"]
[Round "6.2"]
[White "Sebastian Enesco, Alex"]
[Black "Lopez Ziegler, Carlos"]
[Result "1/2-1/2"]
[WhiteElo "1761"]
[BlackElo "1944"]
[PlyCount "29"]
[EventDate "2014.02.06"]
[EventType "swiss"]
[EventRounds "9"]
[EventCountry "ESP"]
[Source "lmi"]
[SourceDate "2014.02.06"]

1. e4 e6 2. d4 d5 3. exd5 exd5 4. Nf3 Nf6 5. Bb5+ Bd7 6. Bxd7+ Nbxd7 7. O-O Be7
8. Bg5 O-O 9. Nc3 c6 10. Ne5 Nxe5 11. dxe5 Nd7 12. Bxe7 Qxe7 13. Re1 Rae8 14.
f4 Qb4 15. Qf3 1/2-1/2

[Event "Madrid-ch Previa B"]
[Site "Madrid ESP"]
[Date "2014.02.21"]
[Round "6.3"]
[White "Munoz Cebey, Ricardo"]
[Black "Martinez Rubio, Felipe"]
[Result "1/2-1/2"]
[WhiteElo "1878"]
[BlackElo "1805"]
[PlyCount "89"]
[EventDate "2014.02.06"]
[EventType "swiss"]
[EventRounds "9"]
[EventCountry "ESP"]
[Source "lmi"]
[SourceDate "2014.02.06"]

1. c4 c5 2. Nf3 Nc6 3. Nc3 g6 4. g3 Bg7 5. Bg2 e6 6. d3 Nge7 7. O-O O-O 8. Bd2
d5 9. cxd5 exd5 10. Rc1 b6 11. h3 h6 12. Re1 Be6 13. b3 Rc8 14. e4 dxe4 15.
dxe4 Qd7 16. Qe2 Bxh3 17. Red1 Bxg2 18. Kxg2 Qg4 19. Qc4 Rcd8 20. Nd5 Nxd5 21.
exd5 Qxf3+ 22. Kxf3 Ne5+ 23. Ke2 Nxc4 24. bxc4 Rfe8+ 25. Kd3 h5 26. a4 Bd4 27.
Be3 Bxe3 28. fxe3 f5 29. Rb1 Rd6 30. Rf1 Re4 31. Rf4 Rxf4 32. exf4 Kf7 33. Rb2
Kf6 34. Rh2 Rd7 35. Re2 Re7 36. Rxe7 Kxe7 37. Ke3 Kd6 38. Kd3 a6 39. Kc3 Ke7
40. Kd3 Kf6 41. Ke3 Kf7 42. Ke2 Ke7 43. Kd3 Kd7 44. Kc3 Kd6 45. Kd3 1/2-1/2

[Event "Madrid-ch Previa B"]
[Site "Madrid ESP"]
[Date "2014.02.21"]
[Round "6.4"]
[White "Garcia Serrano, Jose M. Ii"]
[Black "Ballesteros Galvez, Daniel"]
[Result "0-1"]
[WhiteElo "1835"]
[BlackElo "1789"]
[PlyCount "78"]
[EventDate "2014.02.06"]
[EventType "swiss"]
[EventRounds "9"]
[EventCountry "ESP"]
[Source "lmi"]
[SourceDate "2014.02.06"]

1. e4 e5 2. f4 exf4 3. Nf3 g5 4. h4 g4 5. Ng5 h6 6. Nxf7 Kxf7 7. d4 d5 8. Bxf4
Nf6 9. Nc3 Bb4 10. Be2 Bxc3+ 11. bxc3 Nxe4 12. Bxg4 Bxg4 13. Qxg4 Nf6 14. Qf3
Qe7+ 15. Be5 Nbd7 16. O-O Nxe5 17. Qxd5+ Kg7 18. Qxe5 Qxe5 19. dxe5 Ng4 20. e6
Rhf8 21. Rfd1 Rad8 22. e7 Rxd1+ 23. Rxd1 Re8 24. Rd7 Kf7 25. Rxc7 Rxe7 26.
Rxe7+ Kxe7 27. g3 Kf6 28. Kf1 Ke5 29. Ke2 Ke4 30. a3 h5 31. a4 Ne3 32. a5 Nxc2
33. Kf2 Ne3 34. Ke2 a6 35. Kf2 Nd1+ 36. Kg2 Nxc3 37. g4 hxg4 38. Kg3 Kf5 39. h5
Ne4+ 0-1

[Event "Madrid-ch Previa B"]
[Site "Madrid ESP"]
[Date "2014.02.21"]
[Round "6.5"]
[White "Aguilera Lopez, Alejandro"]
[Black "Soto Martin, Pablo"]
[Result "1-0"]
[WhiteElo "1612"]
[BlackElo "1811"]
[PlyCount "93"]
[EventDate "2014.02.06"]
[EventType "swiss"]
[EventRounds "9"]
[EventCountry "ESP"]
[Source "lmi"]
[SourceDate "2014.02.06"]

1. d4 Nf6 2. Nf3 g6 3. c4 Bg7 4. Nc3 O-O 5. e4 d6 6. Be2 e5 7. dxe5 dxe5 8.
Qxd8 Rxd8 9. Bg5 Re8 10. Nd5 Nxd5 11. cxd5 c6 12. Bc4 cxd5 13. Bxd5 Nc6 14.
O-O-O Nb4 15. Bb3 Bg4 16. h3 Rac8+ 17. Kb1 Be6 18. Bxe6 Rxe6 19. Rd7 Rb8 20.
Rhd1 f6 21. Be3 Nc6 22. Rc7 Rd8 23. Rxd8+ Nxd8 24. Bxa7 Rd6 25. Bc5 Rc6 26.
Rxc6 Nxc6 27. Kc2 Kf7 28. Kd3 Bh6 29. Kc4 Ke6 30. b4 f5 31. exf5+ gxf5 32. b5
Nb8 33. a4 Bf4 34. Be3 Bxe3 35. fxe3 b6 36. Ng5+ Kf6 37. Nf3 e4 38. Nd4 Ke5 39.
g3 h6 40. Nb3 Nd7 41. a5 Kd6 42. a6 Kc7 43. Nd4 Nf6 44. Nxf5 h5 45. Kd4 Kb8 46.
Nd6 Nd7 47. Nxe4 1-0

[Event "Madrid-ch Previa B"]
[Site "Madrid ESP"]
[Date "2014.02.21"]
[Round "6.6"]
[White "Tirado Parra, Alberto"]
[Black "Fernandez Rios, Jose Francisco"]
[Result "1/2-1/2"]
[WhiteElo "1939"]
[BlackElo "1649"]
[PlyCount "71"]
[EventDate "2014.02.06"]
[EventType "swiss"]
[EventRounds "9"]
[EventCountry "ESP"]
[Source "lmi"]
[SourceDate "2014.02.06"]

1. b4 e5 2. Bb2 Bxb4 3. Bxe5 Nf6 4. Nf3 Nc6 5. Bb2 d5 6. g3 O-O 7. Bg2 Ne4 8.
O-O Be7 9. d3 Bf6 10. c3 Nd6 11. Nbd2 Bf5 12. Nb3 Bg6 13. a4 a5 14. Qd2 Re8 15.
Rab1 Ne7 16. Nfd4 Qd7 17. Nc5 Qd8 18. Qc2 b6 19. Ncb3 c5 20. Nf3 Qd7 21. Nbd2
Rab8 22. Rfe1 b5 23. axb5 Rxb5 24. e4 dxe4 25. Nxe4 Nxe4 26. dxe4 Nc6 27. Nd2
Reb8 28. f4 h6 29. Nc4 Qb7 30. Re2 Be7 31. f5 Bh7 32. e5 Qd7 33. Rd1 Qc8 34.
Qe4 Na7 35. Bc1 Bxf5 36. Nd6 1/2-1/2

[Event "Madrid-ch Previa B"]
[Site "Madrid ESP"]
[Date "2014.02.21"]
[Round "6.7"]
[White "Merino Araguas, Jose Javier"]
[Black "Benitez Cadenas, Luis Miguel"]
[Result "1-0"]
[WhiteElo "1813"]
[BlackElo "1695"]
[PlyCount "57"]
[EventDate "2014.02.06"]
[EventType "swiss"]
[EventRounds "9"]
[EventCountry "ESP"]
[Source "lmi"]
[SourceDate "2014.02.06"]

1. d4 d5 2. Nf3 e6 3. c4 Nf6 4. cxd5 exd5 5. Nc3 Be7 6. Bf4 c5 7. dxc5 Qa5 8.
e3 Qxc5 9. Be2 Be6 10. O-O O-O 11. Rc1 Qb6 12. Nb5 Nc6 13. Bc7 Qa6 14. Nc3 b5
15. Bxb5 Qb7 16. Bg3 Rac8 17. Qe2 Nb4 18. Nd4 a6 19. Ba4 Bc5 20. a3 Bxd4 21.
exd4 Nc6 22. Qd2 Na5 23. Qe2 Nc4 24. b3 Nxa3 25. Bd6 Rxc3 26. Rxc3 Ne4 27. Rc7
Qb8 28. Bxf8 Kxf8 29. Rfc1 1-0

[Event "Madrid-ch Previa B"]
[Site "Madrid ESP"]
[Date "2014.02.21"]
[Round "6.8"]
[White "Fernandez Rodriguez, Fernando J"]
[Black "Bento Iglesias, Pablo"]
[Result "1/2-1/2"]
[WhiteElo "1782"]
[BlackElo "1601"]
[PlyCount "71"]
[EventDate "2014.02.06"]
[EventType "swiss"]
[EventRounds "9"]
[EventCountry "ESP"]
[Source "lmi"]
[SourceDate "2014.02.06"]

1. d4 Nf6 2. Nf3 d5 3. Bf4 Bf5 4. e3 e6 5. Bd3 Bxd3 6. Qxd3 c6 7. O-O Bd6 8.
Nbd2 O-O 9. h3 Qc7 10. Bh2 Nbd7 11. c4 Bxh2+ 12. Nxh2 Rad8 13. f4 c5 14. cxd5
Nxd5 15. Rac1 Rc8 16. Qe2 Qb6 17. e4 Ne7 18. Nc4 Qa6 19. dxc5 Rxc5 20. Qd2 Rxc4
21. Rxc4 Qxc4 22. Qxd7 Qc5+ 23. Kh1 b5 24. Rd1 h6 25. Qd6 Rc8 26. Qxc5 Rxc5 27.
Nf3 Rc2 28. Rd2 Rxd2 29. Nxd2 Nc6 30. Nf3 f6 31. a3 Kf7 32. Kg1 Ke7 33. Kf2 Kd6
34. Ke3 a6 35. Kd3 g5 36. g3 1/2-1/2

[Event "Madrid-ch Previa B"]
[Site "Madrid ESP"]
[Date "2014.02.21"]
[Round "6.9"]
[White "Yeves Miquel, Enrique"]
[Black "Alonso Herrero, Ignacio"]
[Result "1-0"]
[WhiteElo "1742"]
[BlackElo "1777"]
[PlyCount "33"]
[EventDate "2014.02.06"]
[EventType "swiss"]
[EventRounds "9"]
[EventCountry "ESP"]
[Source "lmi"]
[SourceDate "2014.02.06"]

1. d4 b5 2. e4 Bb7 3. Bd3 Nf6 4. Nd2 a6 5. Ngf3 e6 6. O-O c5 7. c3 cxd4 8. cxd4
Nc6 9. b3 Qb6 10. Bb2 Nb4 11. Bb1 Be7 12. a3 Nc6 13. e5 Nd5 14. Ne4 Na5 15. Qd3
Rc8 16. Rc1 O-O 17. Nf6+ 1-0

[Event "Madrid-ch Previa B"]
[Site "Madrid ESP"]
[Date "2014.02.21"]
[Round "6.10"]
[White "Marcos Herrero, Francisco"]
[Black "Rottenwoerer, Christoph"]
[Result "1-0"]
[WhiteElo "1930"]
[BlackElo "1643"]
[PlyCount "125"]
[EventDate "2014.02.06"]
[EventType "swiss"]
[EventRounds "9"]
[EventCountry "ESP"]
[Source "lmi"]
[SourceDate "2014.02.06"]

1. e4 c5 2. Nf3 g6 3. c3 d5 4. e5 Bg4 5. Be2 Nc6 6. d4 cxd4 7. cxd4 Nh6 8. Nc3
Nf5 9. O-O Rc8 10. Qb3 Bxf3 11. Bxf3 Nfxd4 12. Qxd5 Nxf3+ 13. Qxf3 Nxe5 14.
Qxb7 Qd7 15. Qe4 Bg7 16. Rd1 Qc6 17. Qh4 Qc4 18. Qh3 Qg4 19. Qxg4 Nxg4 20. h3
Ne5 21. Rb1 Nc4 22. Ne4 O-O 23. b3 Nb6 24. Ba3 Rc2 25. Bxe7 Re8 26. Nf6+ Bxf6
27. Bxf6 Rxa2 28. Rd3 Rae2 29. Rbd1 Re1+ 30. Rxe1 Rxe1+ 31. Kh2 Re8 32. g4 h6
33. Kg3 g5 34. f4 gxf4+ 35. Kxf4 Re1 36. h4 Rf1+ 37. Ke5 Re1+ 38. Kf4 Rf1+ 39.
Ke5 Re1+ 40. Kd4 Nd7 41. g5 Nxf6 42. gxf6 Rg1 43. Re3 Rg4+ 44. Re4 h5 45. Rxg4+
hxg4 46. Ke4 Kh7 47. Kf4 g3 48. Kxg3 Kg6 49. Kg4 Kxf6 50. b4 Ke6 51. Kf4 Kf6
52. b5 Kg6 53. Kg4 Kf6 54. h5 Kg7 55. Kg5 f6+ 56. Kf5 Kh6 57. Kxf6 Kxh5 58. Ke5
Kg6 59. Kd6 Kf6 60. Kc7 Ke5 61. Kb7 Kd6 62. Kxa7 Kc7 63. b6+ 1-0

[Event "Madrid-ch Previa B"]
[Site "Madrid ESP"]
[Date "2014.02.21"]
[Round "6.11"]
[White "Urena Castellanos, Antonio"]
[Black "Ruiz Bazaga, Miriam"]
[Result "1/2-1/2"]
[WhiteElo "1697"]
[BlackElo "1588"]
[PlyCount "104"]
[EventDate "2014.02.06"]
[EventType "swiss"]
[EventRounds "9"]
[EventCountry "ESP"]
[Source "lmi"]
[SourceDate "2014.02.06"]

1. d4 e6 2. c4 b6 3. Nc3 Bb7 4. e4 d5 5. cxd5 exd5 6. e5 c5 7. Nf3 cxd4 8. Nxd4
Bc5 9. Be3 Ne7 10. Bb5+ Nbc6 11. Qa4 Bxd4 12. Bxd4 O-O 13. Bxc6 Nxc6 14. O-O-O
Qg5+ 15. Be3 Qxe5 16. Rxd5 Qe6 17. Rg5 Rac8 18. Kb1 Ne5 19. h4 Nc4 20. Bc1 Rfd8
21. h5 Bc6 22. Qc2 b5 23. a3 a5 24. Rd1 b4 25. Qe2 Qxe2 26. Rxd8+ Rxd8 27. Nxe2
b3 28. Rc5 Be4+ 29. Ka1 Bd3 30. Nc3 f6 31. Rd5 Rxd5 32. Nxd5 Be4 33. Nf4 g5 34.
hxg6 hxg6 35. f3 Bc2 36. Nd5 Kf7 37. Ne3 Nxe3 38. Bxe3 a4 39. g3 Ke6 40. f4 f5
41. Bd2 Kd5 42. Be1 Ke4 43. Bc3 Kd3 44. Bf6 Ke2 45. Bg5 Kf3 46. Bh6 Kxg3 47.
Bg5 Kh3 48. Bh6 Kh4 49. Bg5+ Kg4 50. Bh6 Kh4 51. Bg5+ Kh5 52. Bf6 Kh6 1/2-1/2

[Event "Madrid-ch Previa B"]
[Site "Madrid ESP"]
[Date "2014.02.21"]
[Round "6.12"]
[White "Franco Rincon, David"]
[Black "Martinez Carrasco, Jesus"]
[Result "1-0"]
[WhiteElo "1685"]
[BlackElo "1586"]
[PlyCount "121"]
[EventDate "2014.02.06"]
[EventType "swiss"]
[EventRounds "9"]
[EventCountry "ESP"]
[Source "lmi"]
[SourceDate "2014.02.06"]

1. e4 c5 2. Nf3 Nc6 3. d3 d6 4. g3 Nf6 5. Bg2 e5 6. O-O Be7 7. h3 O-O 8. Be3 h6
9. Nbd2 Be6 10. c3 Rc8 11. Kh2 Qb6 12. b3 a6 13. Ng1 Qc7 14. Rc1 b5 15. Ne2 Qd7
16. f4 exf4 17. Nxf4 Ne5 18. d4 cxd4 19. cxd4 Neg4+ 20. hxg4 Nxg4+ 21. Kg1 Nxe3
22. Qe2 Nxf1 23. Rxf1 Bg4 24. Qd3 Rc7 25. Nd5 Rb7 26. e5 Rbb8 27. exd6 Qxd6 28.
Ne4 Qd8 29. Ne3 Bh5 30. Nf2 Bg6 31. Qe2 Re8 32. Qg4 Bd6 33. Qf3 Bf8 34. Rd1 Re7
35. Neg4 Qe8 36. Kh2 Re2 37. Ne5 Rxa2 38. b4 Qe6 39. Bh3 Qf6 40. Qxf6 gxf6 41.
Nxg6 fxg6 42. Be6+ Kg7 43. Bxa2 Bxb4 44. Rc1 Re8 45. Rc7+ Kh8 46. Rc2 h5 47.
Bf7 Re3 48. Bxg6 Bd6 49. Ne4 Bb8 50. d5 Kg7 51. Bf5 h4 52. d6 hxg3+ 53. Kg2 Rd3
54. Rc8 Bxd6 55. Rd8 Rd5 56. Nxd6 Re5 57. Rd7+ Kf8 58. Bh7 Re7 59. Rd8+ Kg7 60.
Nf5+ Kxh7 61. Nxe7 1-0

[Event "Madrid-ch Previa B"]
[Site "Madrid ESP"]
[Date "2014.02.21"]
[Round "6.13"]
[White "Garcia Carbonell, Francisco"]
[Black "Barragan Arriaza, Pablo"]
[Result "0-1"]
[WhiteElo "1666"]
[BlackElo "1361"]
[PlyCount "74"]
[EventDate "2014.02.06"]
[EventType "swiss"]
[EventRounds "9"]
[EventCountry "ESP"]
[Source "lmi"]
[SourceDate "2014.02.06"]

1. e4 d6 2. d4 Nf6 3. Nc3 g6 4. Bc4 Bg7 5. Qe2 O-O 6. Bg5 Nbd7 7. e5 d5 8. exf6
exf6 9. Bxd5 fxg5 10. O-O-O Nb6 11. Bb3 Re8 12. Qf3 Qf6 13. h3 c6 14. g4 Be6
15. Bxe6 Rxe6 16. Qd3 Qxf2 17. Nf3 Qg3 18. Ne2 Qd6 19. Nxg5 Bh6 20. h4 f6 21.
Ng3 fxg5 22. h5 Qf4+ 23. Kb1 Re3 24. Qd2 Rxg3 25. Qb4 Bf8 26. Qa5 Qxg4 27. Rdf1
Qxd4 28. Qe1 Re3 29. Qf2 Qf4 30. Qg2 Qg3 31. Qd2 Rf3 32. Re1 Qf4 33. Qd1 Nd5
34. c3 Ne3 35. Qb3+ Qf7 36. Qa4 b5 37. Qd4 Qf5+ 0-1

[Event "Madrid-ch Previa B"]
[Site "Madrid ESP"]
[Date "2014.02.21"]
[Round "6.16"]
[White "Rottenwohrer Suarez, Juan"]
[Black "Mosteiro Montoro, Alvaro"]
[Result "1-0"]
[WhiteElo "1456"]
[BlackElo "1654"]
[PlyCount "39"]
[EventDate "2014.02.06"]
[EventType "swiss"]
[EventRounds "9"]
[EventCountry "ESP"]
[Source "lmi"]
[SourceDate "2014.02.06"]

1. d4 d5 2. c4 c6 3. Nf3 g6 4. Nc3 Bg7 5. Bf4 Nf6 6. cxd5 cxd5 7. e3 O-O 8. Bd3
Bg4 9. O-O Nbd7 10. h3 Bxf3 11. Qxf3 e6 12. Bd6 Re8 13. Nb5 Qb6 14. Bc7 Qa6 15.
Qe2 b6 16. Nd6 Qa5 17. a3 Qa4 18. Rfc1 e5 19. Bb5 Qb3 20. Rc3 1-0